|
|
|
|
| LEADER |
01004nam a22002772a 4500 |
| 001 |
000732530 |
| 003 |
CZ BrMZK |
| 005 |
20140310080149.0 |
| 007 |
ta |
| 008 |
040906s1972 xr er|||||||||||cze d |
| 015 |
|
|
|a cnb000440229
|
| 035 |
|
|
|a (OCoLC)42156070
|
| 040 |
|
|
|a BOA001
|b cze
|
| 041 |
1 |
|
|a cze
|h rus
|
| 245 |
0 |
0 |
|a Kouzelný prsten :
|b ruská lidová pohádka /
|c il. Michael Romberg
|
| 260 |
|
|
|a Praha :
|b Artia,
|c 1972
|
| 300 |
|
|
|a 54 s.
|
| 490 |
1 |
|
|a Šňůra perel
|
| 500 |
|
|
|a Přeloženo z ruštiny.
|
| 700 |
1 |
|
|a Romberg, Michael,
|d 1918-1982
|7 jk01102660
|4 ill
|
| 830 |
|
0 |
|a Šňůra perel
|
| 856 |
4 |
1 |
|u http://www.digitalniknihovna.cz/mzk/uuid/uuid:be7ea300-aa76-11e3-b833-005056827e52
|y Digitalizovaný dokument
|x NDK
|
| 910 |
|
|
|a BOA001
|b PK-N-0014.932
|b 4-0693.799
|
| 990 |
|
|
|a BK
|
| 996 |
7 |
|
|b 2619621523
|c 4-0693.799
|l MZK
|r Sklad / do 1 hodiny
|n 0
|w 000732530
|u 000020
|a 1
|e BOA001
|j MZK50
|s A
|
| 996 |
6 |
|
|b BC-160505
|c PK-N-0014.932
|l MZK
|r Sklad / do 1 hodiny
|n 0
|w 000732530
|u 000010
|a 1
|e BOA001
|j MZK50
|s P
|